[Event "Ì15Ï"]
[Site "Loo"]
[Date "2017.04.21"]
[Round "2.21"]
[White "Ìîðãà÷åâ, Ñåðãåé."]
[Black "Åñèïîâ, Ãåííàäèé."]
[Result "1-0"]
[WhiteElo "1814"]
[BlackElo "1675"]
[PlyCount "175"]
[EventDate "2017.04.20"]

1. d4 Nf6 2. c4 e6 3. Nc3 Bb4 4. f3 c5 5. d5 d6 6. e4 e5 7. Bd2 O-O 8. Nge2 h6
9. Ng3 Nh7 10. Bd3 Nd7 11. O-O g5 12. Nf5 Qf6 13. Nb5 Bxd2 14. Qxd2 Rd8 15.
Nbxd6 Ndf8 16. Nxc8 Raxc8 17. g3 b6 18. Kg2 Rd7 19. Rh1 Qg6 20. h4 f6 21. h5
Qe8 22. Nxh6+ Kh8 23. g4 Rcd8 24. Rhd1 Rc7 25. Qe2 Nd7 26. Bc2 Qf8 27. Nf5 Nb8
28. a3 Rcc8 29. Bd3 Rd7 30. Qe1 a5 31. Be2 Na6 32. Rdb1 Rcd8 33. Bd1 Rc7 34.
Ba4 Ra8 35. Bb5 Rcc8 36. Bxa6 Rxa6 37. Kg3 a4 38. b3 axb3 39. Rxb3 Qd8 40. Rab1
Nf8 41. Qc3 Rca8 42. Qb2 Nd7 43. Nd6 Qb8 44. Nb5 Ra4 45. Rc3 Kh7 46. Qd2 R8a5
47. Qd3 Qb7 48. Rcb3 Ra8 49. Qe2 Kh6 50. Ra1 Qb8 51. Nc3 R4a5 52. Qb2 Qb7 53.
Rb5 R8a6 54. Rxa5 Rxa5 55. Qc1 Qa6 56. Nb5 Qa8 57. Rb1 Qb8 58. Rb3 Ra6 59. Qb2
Ra5 60. Nc3 Qa7 61. a4 Ra6 62. Rb5 Qa8 63. Qb3 Qa7 64. Qd1 Qc7 65. Qa1 Qa7 66.
Qb2 Qa8 67. Qa3 Qa7 68. Qa2 Qa8 69. a5 Rxa5 70. Rxa5 Qxa5 71. Qxa5 bxa5 72. Na4
Kg7 73. Kf2 Kf7 74. Ke2 Ke7 75. Kd3 Kf7 76. Nc3 Ke7 77. Nb5 Kf7 78. Kc3 a4 79.
Nd6+ Ke7 80. Nf5+ Kf7 81. Kb2 Nb6 82. Ne3 Ke7 83. Ka3 Kf7 84. d6 Ke6 85. d7
Nxd7 86. Kxa4 Nf8 87. Kb5 Kd6 88. Nf5+ 1-0

[Event "Ì15Ï"]
[Site "Loo"]
[Date "2017.04.21"]
[Round "2.22"]
[White "Âëàñîâ, Àëåêñàíäð."]
[Black "Ãàâðèëèí, Ðîìàí."]
[Result "1-0"]
[WhiteElo "1808"]
[BlackElo "1668"]
[PlyCount "109"]
[EventDate "2017.04.20"]

1. d4 Nf6 2. Nf3 e6 3. b3 b6 4. Bb2 Bb7 5. e3 Be7 6. Nbd2 c5 7. Be2 O-O 8. O-O
Nc6 9. a3 Rc8 10. Rc1 d5 11. Ne5 Nd7 12. f4 cxd4 13. exd4 Ndxe5 14. fxe5 f6 15.
Nf3 f5 16. c4 Na5 17. Kh1 Ba6 18. cxd5 Bxe2 19. Qxe2 Qxd5 20. b4 Nc4 21. Rc3 b5
22. Rfc1 Rc6 23. Ne1 Bg5 24. R1c2 Rfc8 25. Nd3 Qe4 26. Nc5 Qd5 27. Rd3 Rd8 28.
Bc1 Be7 29. Rcc3 Rb8 30. Bf4 a5 31. Rb3 Ra8 32. Rb1 axb4 33. axb4 Rcc8 34. Nxe6
Ra3 35. Nc5 Rca8 36. Rxa3 Nxa3 37. Rd1 Nc2 38. Qf3 Nxb4 39. Qxd5+ Nxd5 40. Bg3
g5 41. Bf2 Bxc5 42. dxc5 Kf7 43. Rxd5 Ra1+ 44. Bg1 Ke6 45. Rd2 Kxe5 46. Rb2 Ra5
47. Rc2 Ra8 48. c6 Rc8 49. c7 Kd6 50. Bb6 f4 51. Kg1 h6 52. Kf2 g4 53. Ke2 h5
54. Kd3 b4 55. Bc5+ 1-0

[Event "Ì15Ï"]
[Site "Loo"]
[Date "2017.04.21"]
[Round "2.23"]
[White "Äîëãèðåâ, Ëåâ."]
[Black "Òðàùåíêî, Äàìèð."]
[Result "1-0"]
[WhiteElo "1669"]
[BlackElo "1805"]
[PlyCount "117"]
[EventDate "2017.04.20"]

1. d4 d5 2. c4 c6 3. Nf3 Nf6 4. Qc2 e6 5. g3 Nbd7 6. Bg2 Bd6 7. O-O O-O 8. Nbd2
e5 9. cxd5 cxd5 10. dxe5 Nxe5 11. Nxe5 Bxe5 12. Nf3 Bd6 13. b3 Be6 14. Bb2 Rc8
15. Qd3 Qe7 16. Ng5 g6 17. Qd4 h6 18. Nf3 Kg7 19. Rac1 b6 20. Rfd1 Ba3 21. Ne5
Bxb2 22. Qxb2 Rc5 23. b4 Rxc1 24. Rxc1 Rc8 25. Rxc8 Bxc8 26. Nd3 Bb7 27. Nf4
Kg8 28. a3 Ne4 29. e3 h5 30. Qc1 Kh7 31. h4 Qe5 32. Ne2 Qf5 33. Qe1 g5 34. Nd4
Qe5 35. Nf3 Qf6 36. Nxg5+ Nxg5 37. hxg5 Qxg5 38. Qc3 Qg7 39. Qc7 f6 40. Qf4 Qg5
41. Qb8 Qg7 42. Qxa7 b5 43. Qd4 Qf7 44. Qh4 Qg6 45. Bf3 Kh6 46. g4 f5 47. Qxh5+
Qxh5 48. gxh5 Bc6 49. Kg2 Kg5 50. Kg3 Ba8 51. Be2 Bc6 52. f4+ Kh6 53. Kf2 Be8
54. Ke1 Bxh5 55. Bxb5 Bf7 56. Kd2 Kh5 57. Kd3 Kg4 58. Kd4 Kf3 59. Bc6 1-0

[Event "Ì15Ï"]
[Site "Loo"]
[Date "2017.04.21"]
[Round "2.24"]
[White "Êàðàâàåâ, Àëåêñàíäð."]
[Black "Äîðîôååâ, Äåíèñ."]
[Result "1-0"]
[WhiteElo "1794"]
[BlackElo "1581"]
[PlyCount "109"]
[EventDate "2017.04.20"]

1. e4 c5 2. Nf3 Nc6 3. Bb5 d6 4. Bxc6+ bxc6 5. O-O e5 6. h3 g6 7. Re1 Bg7 8. c3
Ne7 9. Na3 O-O 10. d3 Rb8 11. Rb1 f5 12. Bg5 Qc7 13. Nd2 d5 14. Nb3 Qd6 15. Be3
d4 16. Bg5 Be6 17. Na5 Rfe8 18. Qa4 Rbc8 19. Nb7 Qb8 20. Nxc5 Bxa2 21. Ra1 Bf7
22. Nc4 fxe4 23. Nxe4 Bxc4 24. Qxc4+ Nd5 25. Qc5 Rc7 26. Qc4 Kh8 27. Nd6 Rf8
28. Rab1 Rd7 29. Ne4 Qb5 30. cxd4 exd4 31. Nc5 Rdf7 32. Ne6 Rg8 33. Nxg7 Rfxg7
34. Qxd4 h5 35. Bh6 Kh7 36. Bxg7 Rxg7 37. Re5 Qb3 38. Rbe1 Rf7 39. Qe4 Kh6 40.
Re6 Rg7 41. Rxc6 Nb4 42. Qf4+ Kh7 43. Rc7 Nd5 44. Rxg7+ Kxg7 45. Qc4 Qb7 46.
Rc1 Kh6 47. b4 Qf7 48. Re1 Qf5 49. Qe4 Qd7 50. Rc1 Qf7 51. Rc5 Nb6 52. Re5 Qf6
53. Qe3+ Kg7 54. Re7+ Kf8 55. Rxa7 1-0

[Event "Ì15Ï"]
[Site "Loo"]
[Date "2017.04.21"]
[Round "2.25"]
[White "Ñìåëûõ, Ýäâèí."]
[Black "Êîçëîâ, Äåíèñ."]
[Result "0-1"]
[WhiteElo "1635"]
[BlackElo "1789"]
[PlyCount "76"]
[EventDate "2017.04.20"]

1. e4 c5 2. Nf3 e6 3. d4 cxd4 4. Nxd4 a6 5. Nc3 b5 6. Bd3 d6 7. O-O Nf6 8. f4
Bb7 9. a3 Nbd7 10. Qe1 Nc5 11. Nf3 Be7 12. f5 e5 13. Bg5 O-O 14. Bxf6 Bxf6 15.
Rd1 Qb6 16. Qe3 Nd7 17. Qxb6 Nxb6 18. g4 Rac8 19. Rf2 Be7 20. Re2 Rc7 21. Bxb5
axb5 22. Nxb5 Ba6 23. b3 Bxb5 24. c4 Bc6 25. h4 Ra8 26. Ra1 Rca7 27. a4 Nxa4
28. bxa4 Rxa4 29. Rae1 Ra2 30. g5 Rxe2 31. Rxe2 Ra4 32. Nd2 Ra2 33. Rg2 Bd8 34.
Kf1 Ba5 35. Nb3 Rxg2 36. Kxg2 Bxe4+ 37. Kg3 Bb4 38. Kg4 Bc2 0-1

[Event "Ì15Ï"]
[Site "Loo"]
[Date "2017.04.21"]
[Round "2.26"]
[White "Êóìàêîâ, Èâàí."]
[Black "Áðàæíèêîâ, Äìèòðèé."]
[Result "0-1"]
[WhiteElo "1783"]
[BlackElo "1465"]
[PlyCount "52"]
[EventDate "2017.04.20"]

1. d4 Nf6 2. Bg5 c5 3. c3 e6 4. e3 Be7 5. Bd3 Nc6 6. Nd2 O-O 7. dxc5 Bxc5 8.
Bxf6 gxf6 9. Ne4 Be7 10. Qh5 f5 11. Ng3 Ne5 12. Bc2 Ng6 13. O-O-O b5 14. N1e2
Bb7 15. Nf4 Rc8 16. h4 b4 17. Nge2 Qa5 18. Qh6 bxc3 19. Nxc3 Rxc3 20. bxc3 Qxc3
21. Rd3 Qa1+ 22. Kd2 Bb4+ 23. Ke2 Qxh1 24. Rd1 Ba6+ 25. Kf3 Qxh4 26. Nh5 Qg4#
0-1

[Event "Ì15Ï"]
[Site "Loo"]
[Date "2017.04.21"]
[Round "2.27"]
[White "Åôàíîâ, Àëåêñåé."]
[Black "Íîâèêîâ, Ðîìàí."]
[Result "0-1"]
[WhiteElo "1567"]
[BlackElo "1781"]
[PlyCount "76"]
[EventDate "2017.04.20"]

1. e4 e6 2. d4 d5 3. Nd2 Nf6 4. e5 Nfd7 5. f4 c5 6. c3 Nc6 7. Ngf3 Qb6 8. Nb3
Be7 9. Be2 O-O 10. O-O Re8 11. Rb1 Qc7 12. Be3 c4 13. Nbd2 b5 14. b3 Nb6 15.
Qc1 Bd7 16. b4 a5 17. bxa5 Rxa5 18. Qc2 Rea8 19. Ra1 b4 20. Rfb1 b3 21. Qd1
Rxa2 22. Kf1 Qa7 23. Rxa2 Qxa2 24. Ne1 Qa5 25. Ndf3 Na7 26. Bc1 Na4 27. Ra1 Qd8
28. Qd2 Nb5 29. Bb2 Nxb2 30. Qxb2 Rxa1 31. Qxa1 Ba3 32. Nd2 Qa5 33. Nb1 Bb4 34.
Qb2 Nxc3 35. Nc2 Nxb1 36. Nxb4 Qxb4 37. Qxb1 c3 38. Qa1 Ba4 0-1

[Event "Ì15Ï"]
[Site "Loo"]
[Date "2017.04.21"]
[Round "2.28"]
[White "Áîçðèêîâ, Ìàòâåé."]
[Black "Ñòåïàíîâ, Ñåðãåé."]
[Result "1-0"]
[WhiteElo "1781"]
[BlackElo "1406"]
[PlyCount "61"]
[EventDate "2017.04.20"]

1. e4 e5 2. Nc3 Nf6 3. Bc4 Bc5 4. d3 h6 5. f4 d6 6. Nf3 Nc6 7. Na4 Bd4 8. c3
Bb6 9. Nxb6 axb6 10. O-O O-O 11. f5 d5 12. Bxd5 Nxd5 13. exd5 Qxd5 14. f6 Bg4
15. Qe1 Qxd3 16. fxg7 Rfe8 17. Bxh6 Qg6 18. Qh4 Re6 19. Be3 Qh5 20. Qxh5 Bxh5
21. Ng5 Re7 22. Rf6 Kxg7 23. Raf1 Rxa2 24. g4 Bxg4 25. Rxf7+ Rxf7 26. Rxf7+ Kg8
27. Rxc7 Rxb2 28. Ne4 Kf8 29. Nf6 Ne7 30. Bh6+ Kf7 31. Nxg4 1-0

[Event "Ì15Ï"]
[Site "Loo"]
[Date "2017.04.21"]
[Round "2.29"]
[White "Ãàãëàçîâ, Ìèõàèë."]
[Black "Êðàâöîâ, Ìàêñèì."]
[Result "1-0"]
[WhiteElo "1550"]
[BlackElo "1766"]
[PlyCount "129"]
[EventDate "2017.04.20"]

1. e4 e6 2. d4 d5 3. Nc3 Nf6 4. Bg5 Be7 5. e5 Nfd7 6. Bxe7 Qxe7 7. f4 a6 8. Nf3
c5 9. a4 Nc6 10. Be2 O-O 11. Qd2 f6 12. exf6 Qxf6 13. dxc5 Qxf4 14. Qxf4 Rxf4
15. g3 Rf8 16. O-O Nxc5 17. Ng5 Bd7 18. Bg4 Ne5 19. Be2 h6 20. Nf3 Nxf3+ 21.
Bxf3 a5 22. b3 d4 23. Ne4 Nxe4 24. Bxe4 Bc6 25. Bd3 Rf6 26. Rae1 Rxf1+ 27. Rxf1
Rf8 28. Bh7+ Kxh7 29. Rxf8 d3 30. Rf2 b5 31. axb5 Bxb5 32. cxd3 a4 33. bxa4
Bxa4 34. d4 Bb3 35. Kf1 Kg6 36. Ke2 Kg5 37. Rf4 Bd5 38. Kf2 h5 39. Ke3 g6 40.
h4+ Kh6 41. Rf2 Kg7 42. Kd3 g5 43. Kc3 gxh4 44. gxh4 Kg6 45. Kb4 Be4 46. Kc5
Bf5 47. Kd6 Bg4 48. Rf1 Kg7 49. Ke5 Bh3 50. Rf3 Bg4 51. Rf2 Bh3 52. Rf4 Kg6 53.
Rf3 Bg4 54. Rf6+ Kg7 55. Rxe6 Kf7 56. Rf6+ Ke7 57. d5 Kd7 58. d6 Bh3 59. Rf7+
Ke8 60. Ra7 Bg4 61. Kf6 Bh3 62. Rh7 Bg4 63. Kg5 Kd8 64. Rxh5 Bxh5 65. Kxh5 1-0

[Event "Ì15Ï"]
[Site "Loo"]
[Date "2017.04.21"]
[Round "2.30"]
[White "Ïàâëîâ, Ìèõàèë."]
[Black "Ëåáåäåâ, Ìàòâåé."]
[Result "1-0"]
[WhiteElo "1762"]
[BlackElo "1189"]
[PlyCount "62"]
[EventDate "2017.04.20"]

1. e4 c6 2. d4 d5 3. e5 Bf5 4. Nf3 e6 5. Be2 c5 6. c4 Nc6 7. cxd5 exd5 8. O-O
Bxb1 9. Rxb1 cxd4 10. Qa4 Qd7 11. Bb5 a6 12. Nxd4 Nge7 13. Re1 Qc8 14. Bf1 b5
15. Qd1 Nxd4 16. Qxd4 Qe6 17. Bd2 Nc6 18. Qf4 Bc5 19. Rbc1 Bb6 20. Bd3 O-O 21.
Bf5 Qe8 22. e6 Ne7 23. exf7+ Rxf7 24. Be6 Ng6 25. Bxf7+ Qxf7 26. Qxf7+ Kxf7 27.
Rc6 Bd4 28. Bc3 Bxc3 29. bxc3 a5 30. Rc5 b4 31. Rxd5 Nf4 1-0

[Event "Ì15Ï"]
[Site "Loo"]
[Date "2017.04.21"]
[Round "2.31"]
[White "Èâàíîâ, Èëüÿ."]
[Black "Áîêòàåâ, Àäüÿí."]
[Result "0-1"]
[WhiteElo "1498"]
[BlackElo "1759"]
[PlyCount "60"]
[EventDate "2017.04.20"]

1. d4 d5 2. c4 c6 3. Nc3 Nf6 4. e3 e6 5. Nf3 Nbd7 6. Bd3 Be7 7. O-O dxc4 8.
Bxc4 b5 9. Bd3 Bb7 10. b3 a6 11. Bb2 Qc7 12. Rc1 Ng4 13. e4 Rd8 14. h3 h5 15.
e5 Nh6 16. d5 Nxe5 17. Nxe5 Qxe5 18. Re1 Qd6 19. Ne4 Qxd5 20. Bxg7 Rg8 21. Bxh6
Qxd3 22. Qxh5 Rd5 23. Qe2 Qxh3 24. Bg5 Rdxg5 25. Nxg5 Rxg5 26. f4 Rg6 27. Rc2
c5 28. Qf1 Bf6 29. Rd2 Bd4+ 30. Rxd4 Rxg2+ 0-1

[Event "Ì15Ï"]
[Site "Loo"]
[Date "2017.04.21"]
[Round "2.32"]
[White "Âîëîäèí, Àíäðåé."]
[Black "Àäûðáàåâ, Àëüáåðò."]
[Result "0-1"]
[WhiteElo "1467"]
[BlackElo "2008"]
[PlyCount "54"]
[EventDate "2017.04.20"]

1. e4 c5 2. Nf3 Nc6 3. d4 cxd4 4. Nxd4 d6 5. Nc3 g6 6. Be3 Bg7 7. Qd2 Nf6 8. f3
O-O 9. Nb3 Be6 10. Bh6 Qb6 11. O-O-O Bxh6 12. Qxh6 a5 13. h4 a4 14. Nd2 a3 15.
b3 Rac8 16. h5 Nd4 17. hxg6 fxg6 18. Ndb1 Qc5 19. Bd3 Bf7 20. e5 dxe5 21. Rd2
Nf5 22. Qh3 Nd6 23. Nd5 Bxd5 24. Bxg6 hxg6 25. Qh6 Kf7 26. Qg5 Be6 27. Rh6 Bf5
0-1

[Event "Ì15Ï"]
[Site "Loo"]
[Date "2017.04.21"]
[Round "2.33"]
[White "Ãàáäðàõìàíîâ, Àçàò."]
[Black "Æóðàâëåâ, Èãíàò."]
[Result "1-0"]
[WhiteElo "2011"]
[BlackElo "1638"]
[PlyCount "145"]
[EventDate "2017.04.20"]

1. e4 e5 2. Nf3 Nc6 3. Bb5 a6 4. Ba4 Nf6 5. O-O Be7 6. Re1 b5 7. Bb3 d6 8. c3
O-O 9. h3 Bb7 10. d4 Re8 11. Nbd2 Bf8 12. d5 Nb8 13. Nf1 h6 14. Ng3 g6 15. Be3
Qe7 16. Qd2 Kh7 17. Qe2 c5 18. Bc2 Nbd7 19. Nd2 Rec8 20. Rf1 Bg7 21. Rae1 Rc7
22. f4 exf4 23. Bxf4 Ne5 24. Nf3 Nxf3+ 25. gxf3 Re8 26. Qh2 Rd7 27. h4 Kh8 28.
Re2 h5 29. Rfe1 Qf8 30. Nh1 Bh6 31. Bg3 Bg7 32. Nf2 Nh7 33. Nh3 Bf6 34. Rg2 Qe7
35. Nf4 Be5 36. Ree2 Qf6 37. Nd3 Bxg3 38. Qxg3 Rde7 39. Nf4 Qe5 40. Qh2 Rg8 41.
Nh3 Qxh2+ 42. Kxh2 Rge8 43. Rd2 Nf6 44. Nf4 Kh7 45. Rg5 Re5 46. Rg3 Rg8 47. Nd3
Re7 48. Rg5 Rge8 49. e5 dxe5 50. d6 Rd7 51. Nxc5 Bxf3 52. Nxd7 Nxd7 53. Rf2 Bd5
54. Rxh5+ Kg7 55. Rg5 Nf6 56. Rd2 Bc6 57. h5 Nxh5 58. d7 Rd8 59. Rxe5 Nf6 60.
Kg3 Nxd7 61. Rc5 Nxc5 62. Rxd8 Bb7 63. b4 Ne6 64. Rd7 Bc8 65. Rd6 Kf8 66. Rc6
Bb7 67. Rb6 Nd8 68. a4 bxa4 69. Bxa4 Ke7 70. c4 f6 71. c5 g5 72. c6 Bc8 73. Rb8
1-0

[Event "Ì15Ï"]
[Site "Loo"]
[Date "2017.04.21"]
[Round "2.34"]
[White "Ñëóãèí, ßðîñëàâ."]
[Black "Áîéêî, Èãîðü."]
[Result "1-0"]
[WhiteElo "1974"]
[BlackElo "1649"]
[PlyCount "83"]
[EventDate "2017.04.20"]

1. d4 d5 2. Nc3 Nf6 3. Bf4 c5 4. e3 a6 5. Qd2 Nc6 6. Nf3 e6 7. Bd3 Bd6 8. Bg3
b6 9. O-O O-O 10. Rfe1 Bb7 11. Rad1 Qc7 12. Bf1 Rad8 13. Qc1 Bxg3 14. hxg3 e5
15. dxe5 Nxe5 16. Nxe5 Qxe5 17. Be2 Rd6 18. Bf3 g5 19. g4 h5 20. e4 d4 21. Nd5
Nxg4 22. g3 Bxd5 23. exd5 Qf5 24. Kg2 Rf6 25. Bxg4 Qxf2+ 26. Kh1 hxg4 27. Qxg5+
Rg6 28. Qf4 Qxc2 29. Rd2 Qc4 30. Qe5 Rd8 31. Rg2 Qxd5 32. Qf4 d3 33. Re5 Qd4
34. Re4 Qd6 35. Qd2 Qd5 36. Rf4 Qxa2 37. Rgf2 Rh6+ 38. Kg1 Qb1+ 39. Rf1 Qc2 40.
Rxg4+ Rg6 41. Rxg6+ fxg6 42. Qg5 1-0

[Event "Ì15Ï"]
[Site "Loo"]
[Date "2017.04.21"]
[Round "2.35"]
[White "Ãàãàðèí, Âàñèëèé."]
[Black "Áàáàÿí, Àðìàí."]
[Result "0-1"]
[WhiteElo "1956"]
[BlackElo "1531"]
[PlyCount "128"]
[EventDate "2017.04.20"]

1. e4 d6 2. d4 Nf6 3. Bd3 g6 4. Nf3 Bg7 5. O-O O-O 6. Re1 Nc6 7. c3 e5 8. dxe5
dxe5 9. Qc2 h6 10. b4 a6 11. Nbd2 Nh5 12. Nc4 Re8 13. Ne3 Nf4 14. Bc4 Qf6 15.
Nd5 Nxd5 16. exd5 Bf5 17. Qb3 e4 18. dxc6 exf3 19. Bd2 b5 20. Bd5 fxg2 21. Bxg2
Qh4 22. f4 Bh3 23. Qd1 Bxg2 24. Kxg2 Rxe1 25. Qxe1 Qg4+ 26. Qg3 Qxg3+ 27. hxg3
Rd8 28. Be1 Rd6 29. a4 Rxc6 30. axb5 axb5 31. Ra8+ Kh7 32. Rb8 Bxc3 33. Bxc3
Rxc3 34. Rxb5 c6 35. Rb7 Kg7 36. Rc7 Rc4 37. Kf3 Kf6 38. g4 Kg7 39. g5 h5 40.
Kg3 Rc3+ 41. Kg2 Rc4 42. Kg3 Kf8 43. Kf3 Rxb4 44. Rxc6 Rb3+ 45. Kg2 h4 46. Rf6
Re3 47. Kh2 Ke7 48. f5 gxf5 49. Rxf5 Rg3 50. Ra5 Kf8 51. Rb5 Kg7 52. Rf5 Re3
53. Kg2 h3+ 54. Kh2 Rd3 55. Ra5 Kg6 56. Rb5 Rf3 57. Ra5 Kh5 58. Rb5 Kh4 59. Rc5
Rf2+ 60. Kg1 Rg2+ 61. Kh1 Rxg5 62. Rc7 f5 63. Rf7 Kg3 64. Kg1 f4 0-1

[Event "Ì15Ï"]
[Site "Loo"]
[Date "2017.04.21"]
[Round "2.36"]
[White "Íîâèêîâ, Èâàí."]
[Black "Èñìàèëîâ, Àìèð."]
[Result "1-0"]
[WhiteElo "1649"]
[BlackElo "1893"]
[PlyCount "161"]
[EventDate "2017.04.20"]

1. Nf3 c5 2. c4 Nc6 3. d4 cxd4 4. Nxd4 g6 5. e4 Bg7 6. Be3 Nf6 7. Nc3 O-O 8.
Be2 b6 9. f3 Bb7 10. O-O Rc8 11. Rc1 d6 12. Qd2 Re8 13. b3 Qd7 14. Rfd1 Red8
15. Ndb5 Ne8 16. Nxa7 Nxa7 17. Bxb6 Nc6 18. Bxd8 Qxd8 19. Nd5 e6 20. Ne3 Qb6
21. Kh1 Bh6 22. Nd5 Bxd2 23. Nxb6 Bxc1 24. Nxc8 Ba3 25. Nb6 Nb4 26. c5 dxc5 27.
Rd8 Bc6 28. Nc4 Bc1 29. Ne5 Kf8 30. Rc8 Bb7 31. Rxc5 Be3 32. Rb5 Ba6 33. Rxb4
Bxe2 34. Ng4 Bc5 35. Rb8 Ke7 36. b4 Bd4 37. b5 h5 38. Nh6 Nd6 39. b6 Kd7 40.
Ng8 Nc4 41. b7 Kc7 42. Rf8 Kxb7 43. Rxf7+ Kb6 44. Ne7 Ne5 45. Rf6 Nd3 46. Rxe6+
Kb5 47. h3 Nf4 48. Rd6 Bc5 49. Rd7 Bf1 50. Nd5 Nxg2 51. Rb7+ Kc6 52. Rb1 Bc4
53. Kxg2 Bxa2 54. Rd1 Bb3 55. Rd2 Bxd5 56. exd5+ Kd6 57. Kf1 g5 58. Ke2 h4 59.
Kd1 Ke5 60. Rd3 Bd6 61. Ke2 Kf4 62. Kf2 Ke5 63. Ke2 Kf4 64. Kd2 Kg3 65. Ke2 Kg2
66. f4 gxf4 67. Rf3 Bc7 68. Rf2+ Kxh3 69. Kf3 Be5 70. Re2 Bb8 71. Rg2 Be5 72.
Rg6 Kh2 73. d6 h3 74. d7 Bc7 75. Rc6 Bd8 76. Rc8 Bf6 77. d8=Q Bxd8 78. Rxd8 Kg1
79. Kxf4 Kg2 80. Rd2+ Kg1 81. Kg3 1-0

[Event "Ì15Ï"]
[Site "Loo"]
[Date "2017.04.21"]
[Round "2.38"]
[White "Áóðäèí, Øàõðîì."]
[Black "Ëèñèìåíêî, Ðóñëàí."]
[Result "0-1"]
[WhiteElo "1579"]
[BlackElo "1733"]
[PlyCount "100"]
[EventDate "2017.04.20"]

1. e4 d5 2. exd5 Qxd5 3. Nc3 Qd6 4. Nf3 Nf6 5. Bc4 g6 6. d3 c6 7. O-O Bg7 8.
Bd2 O-O 9. Re1 Bg4 10. h3 Bxf3 11. Qxf3 e6 12. a3 Nbd7 13. Rab1 Nb6 14. Bb3
Rfe8 15. Ne4 Nxe4 16. Qxe4 Nd5 17. Bxd5 Qxd5 18. c3 Rad8 19. Qxd5 Rxd5 20. Be3
c5 21. Rbd1 Red8 22. Kf1 c4 23. d4 e5 24. Rc1 exd4 25. cxd4 b5 26. a4 a6 27.
axb5 axb5 28. Red1 Bxd4 29. Bxd4 Rxd4 30. Rxd4 Rxd4 31. Ke2 Kg7 32. Rc3 Kf6 33.
b3 cxb3 34. Rxb3 b4 35. g3 Ke5 36. Ke3 Kd5 37. f4 Kc5 38. Rb1 Rd7 39. Rc1+ Kb5
40. Rc8 b3 41. Rb8+ Kc4 42. Rc8+ Kb4 43. Rb8+ Kc3 44. Rc8+ Kb2 45. Rb8 Kc2 46.
Rc8+ Kb1 47. Rb8 b2 48. Ke2 Ra7 49. Kd2 Ka1 50. Kc2 Rc7+ 0-1

[Event "Ì15Ï"]
[Site "Loo"]
[Date "2017.04.21"]
[Round "2.39"]
[White "Ïðèøèáèëîâè÷, Ìàòâåé."]
[Black "Îæåãîâ, Åãîð."]
[Result "0-1"]
[WhiteElo "1664"]
[BlackElo "1632"]
[PlyCount "120"]
[EventDate "2017.04.20"]

1. d4 d6 2. c4 e5 3. dxe5 dxe5 4. Qxd8+ Kxd8 5. Nc3 Be6 6. e3 c6 7. b3 Nd7 8.
Bb2 f6 9. O-O-O Kc7 10. Nf3 a5 11. Bd3 Ne7 12. Rd2 Nc8 13. Rhd1 Ncb6 14. a4 Bb4
15. Bc2 Nc5 16. Ne1 Nbd7 17. Kb1 Kb6 18. Rd6 Rhe8 19. Bxh7 e4 20. Bg6 Re7 21.
Nc2 Ne5 22. Bh5 Nxb3 23. Nxb4 axb4 24. Nxe4 Bxc4 25. Bd4+ Nxd4 26. R6xd4 Bd3+
27. Kc1 Bxe4 28. Rxb4+ Kc7 29. Rxe4 Nd3+ 30. Rxd3 Rxe4 31. Bd1 Rc4+ 32. Kd2 Rd8
33. Rxd8 Kxd8 34. h3 Ke7 35. g4 g5 36. Bb3 Rb4 37. Kc3 c5 38. f3 Kd6 39. Bc2
Kc7 40. Bb3 Kb6 41. Bc2 Ka5 42. Bb3 Kb6 43. Bc2 Kc7 44. Bb3 Kd6 45. Bc2 Rb6 46.
Bb3 Ra6 47. f4 Ra8 48. Bd1 b6 49. Kc4 Re8 50. fxg5 fxg5 51. Kb5 Kc7 52. a5 bxa5
53. Kxc5 Rxe3 54. Kb5 Rxh3 55. Kxa5 Kd6 56. Kb5 Ke5 57. Kc4 Kf4 58. Kd4 Rg3 59.
Be2 Re3 60. Bd3 Rxd3+ 0-1

[Event "Ì15Ï"]
[Site "Loo"]
[Date "2017.04.21"]
[Round "2.40"]
[White "Ìóðòàçèí, Ðàèô."]
[Black "Òÿïêèí, Ïåòð."]
[Result "0-1"]
[WhiteElo "1373"]
[BlackElo "1960"]
[PlyCount "56"]
[EventDate "2017.04.20"]

1. d4 Nf6 2. Nf3 g6 3. Bf4 Bg7 4. e3 O-O 5. Bd3 c5 6. c3 d5 7. Nbd2 Nc6 8. h3
Qb6 9. Qc1 Nd7 10. O-O e5 11. dxe5 Ndxe5 12. Nxe5 Nxe5 13. Be2 Bf5 14. Bxe5
Bxe5 15. Nf3 Bf6 16. Rd1 Rad8 17. Bd3 Be6 18. Rb1 Qc6 19. b3 b6 20. Qc2 Qb7 21.
e4 dxe4 22. Bxe4 Qc7 23. c4 Qf4 24. Qe2 Rde8 25. Bc6 Bd7 26. g3 Rxe2 27. gxf4
Bxc6 28. Nd2 Bd4 0-1

[Event "Ì15Ï"]
[Site "Loo"]
[Date "2017.04.21"]
[Round "2.41"]
[White "Áðàò÷èêîâ, Âëàäèñëàâ."]
[Black "Ìåäâåäåâ, Äàâèä."]
[Result "1-0"]
[WhiteElo "1894"]
[BlackElo "1488"]
[PlyCount "49"]
[EventDate "2017.04.20"]

1. d4 d5 2. Nf3 Nf6 3. g3 Bf5 4. Bg2 e6 5. O-O Bd6 6. b3 c6 7. Bb2 Nbd7 8. c4
O-O 9. Nbd2 Ne4 10. Ne5 Nxd2 11. Qxd2 Nxe5 12. dxe5 Be7 13. Qc3 Qb6 14. Rad1
Rfd8 15. e3 Bb4 16. Qc1 dxc4 17. Qxc4 Qc5 18. Qh4 Rd3 19. e4 Rxd1 20. Rxd1 Qc2
21. Rd8+ Rxd8 22. Qxd8+ Bf8 23. Ba3 Qb1+ 24. Bf1 h6 25. exf5 1-0

[Event "Ì15Ï"]
[Site "Loo"]
[Date "2017.04.21"]
[Round "2.42"]
[White "Ìàðåâè÷åâ, Åãîð."]
[Black "Ãàëè÷êèí, Èëüÿ."]
[Result "0-1"]
[WhiteElo "1488"]
[BlackElo "1851"]
[PlyCount "128"]
[EventDate "2017.04.20"]

1. e4 e6 2. d4 d5 3. e5 c5 4. c3 Nc6 5. Nf3 Qb6 6. a3 Nh6 7. b4 cxd4 8. cxd4
Nf5 9. Bb2 Be7 10. Be2 Bd7 11. Bc3 a6 12. O-O O-O 13. Qd2 Rac8 14. Rd1 f6 15.
g4 Nh6 16. exf6 Rxf6 17. g5 Rxf3 18. Bxf3 Nf7 19. g6 hxg6 20. Qd3 g5 21. Nd2
Nd6 22. Nb3 Re8 23. Nc5 Bc8 24. Qg6 Bf6 25. Rd3 Ne7 26. Qh5 g6 27. Qh3 Nef5 28.
Rad1 Qc7 29. Qf1 b6 30. Nb3 Bd7 31. Be2 Bb5 32. Rf3 g4 33. Bxb5 Nxb5 34. Rfd3
Nh4 35. Bb2 Nf3+ 36. Rxf3 gxf3 37. Qd3 Kg7 38. Qxf3 Rh8 39. Qg3 Qxg3+ 40. hxg3
Rc8 41. Rd2 Nd6 42. Nc1 Nc4 43. Rc2 Rb8 44. Ne2 Nxb2 45. Rxb2 Rc8 46. f4 Rc4
47. Rd2 Be7 48. Ra2 a5 49. bxa5 bxa5 50. a4 Bf6 51. Kf2 Bxd4+ 52. Nxd4 Rxd4 53.
Ke3 Rb4 54. Ra3 Kf7 55. Kf3 Kf6 56. Ke3 Kf5 57. Kf3 g5 58. fxg5 Kxg5 59. Ke3
Kg4 60. Kf2 e5 61. Ke2 e4 62. Kf2 d4 63. Ke2 Rb2+ 64. Kd1 d3 0-1

[Event "Ì15Ï"]
[Site "Loo"]
[Date "2017.04.21"]
[Round "2.43"]
[White "Öàðüêîâ, Ìèõàèë."]
[Black "Ãðèøèí, Ïàâåë."]
[Result "0-1"]
[WhiteElo "1471"]
[BlackElo "1840"]
[PlyCount "78"]
[EventDate "2017.04.20"]

1. d4 g6 2. c4 Bg7 3. Nc3 Nf6 4. e4 d6 5. Nf3 O-O 6. Be2 Nbd7 7. O-O e5 8. d5
a5 9. a4 Ne8 10. Ne1 f5 11. f3 f4 12. Nd3 h5 13. Nf2 Nc5 14. Nb5 g5 15. h3 Rf6
16. Bd2 Rg6 17. b4 axb4 18. Bxb4 Na6 19. Ba3 Bf8 20. Rc1 Qe7 21. Qb3 Kh8 22.
Qc3 Qg7 23. c5 Nxc5 24. Bxc5 dxc5 25. Nd3 Bd6 26. Nxc5 g4 27. fxg4 hxg4 28.
hxg4 Nf6 29. Bf3 Bxg4 30. Bxg4 Nxg4 31. Ne6 Qh6 32. Rf3 Qh2+ 33. Kf1 Qh1+ 34.
Ke2 Qxg2+ 35. Ke1 Rh6 36. Rf1 Rh3 37. Rc2 Qxe4+ 38. Re2 Qb1+ 39. Kd2 Qxf1 0-1

[Event "Ì15Ï"]
[Site "Loo"]
[Date "2017.04.21"]
[Round "2.44"]
[White "Øè, Ìàêñèì."]
[Black "Êîïòåâ, Ðóñëàí."]
[Result "1/2-1/2"]
[WhiteElo "1462"]
[BlackElo "1814"]
[PlyCount "81"]
[EventDate "2017.04.20"]

1. d4 Nf6 2. Nf3 g6 3. c4 Bg7 4. Nc3 d6 5. e4 O-O 6. Be2 c5 7. d5 e6 8. O-O
exd5 9. exd5 Bf5 10. Bd3 Bxd3 11. Qxd3 Na6 12. a3 Re8 13. Bf4 Nc7 14. Rfe1 Qd7
15. h3 a6 16. a4 b6 17. Nd2 Nh5 18. Bh2 f5 19. Nf1 Be5 20. Bxe5 Rxe5 21. Rxe5
dxe5 22. Ng3 Nf4 23. Qd2 Qd6 24. Nce2 Nce6 25. Rd1 Nxe2+ 26. Nxe2 Nd4 27. f4
Nxe2+ 28. Qxe2 e4 29. g3 g5 30. Qf2 gxf4 31. Qxf4 Qxf4 32. gxf4 Kf7 33. Kf2 Rd8
34. b3 Rd6 35. Rg1 h6 36. Ke3 Rg6 37. Rxg6 Kxg6 38. h4 h5 39. Kd2 a5 40. Ke3
Kf6 41. Kd2 1/2-1/2

[Event "Ì15Ï"]
[Site "Loo"]
[Date "2017.04.21"]
[Round "2.45"]
[White "Ãîëîâàíñêèõ, Äìèòðèé."]
[Black "Èâëåâ, Àëåêñàíäð."]
[Result "1/2-1/2"]
[WhiteElo "1447"]
[BlackElo "1778"]
[PlyCount "90"]
[EventDate "2017.04.20"]

1. e4 c5 2. Nc3 d6 3. g3 Nf6 4. Bg2 g6 5. Nge2 Bg7 6. d3 Nc6 7. O-O O-O 8. f4
e5 9. fxe5 Nxe5 10. Nf4 Ne8 11. h3 Nc7 12. Nfd5 Ne6 13. Ne2 Nc6 14. c3 a6 15.
Nef4 Rb8 16. Qc2 b5 17. Bd2 Bd7 18. Rab1 a5 19. a3 Bc8 20. Rfe1 Bd7 21. Rf1 Rc8
22. Qd1 Re8 23. Qb3 Ne5 24. Qc2 Nc6 25. Rfe1 Rb8 26. Rf1 Ne5 27. Be3 c4 28. d4
Nc6 29. Rfe1 Bc8 30. Kh2 Ba6 31. Ra1 Qc8 32. Rab1 b4 33. axb4 axb4 34. Qd2 b3
35. Ra1 Bb5 36. Ra3 Qb7 37. Rea1 Ng5 38. Nh5 Nxe4 39. Bxe4 gxh5 40. Bg2 Qc8 41.
Bh6 Re6 42. Bxg7 Kxg7 43. Qg5+ Rg6 44. Qxh5 Rh6 45. Qg5+ Rg6 1/2-1/2

[Event "Ì15Ï"]
[Site "Loo"]
[Date "2017.04.21"]
[Round "2.46"]
[White "Áóêàòèí, Àðñåíèé."]
[Black "Ãîçãåøåâ, Ýëüäàð."]
[Result "1-0"]
[WhiteElo "1772"]
[BlackElo "1475"]
[PlyCount "73"]
[EventDate "2017.04.20"]

1. e4 e6 2. d4 d5 3. Nc3 Nf6 4. Bg5 Be7 5. e5 Nfd7 6. Bxe7 Qxe7 7. f4 O-O 8.
Nf3 a6 9. Bd3 c5 10. Bxh7+ Kxh7 11. Ng5+ Kg6 12. Qd3+ f5 13. exf6+ Kxf6 14.
Nh7+ Kf7 15. Nxf8 Nxf8 16. O-O Nc6 17. dxc5 Qxc5+ 18. Kh1 Bd7 19. Rad1 Ng6 20.
f5 Nge5 21. fxe6+ Kxe6 22. Qf5+ Ke7 23. Qg5+ Ke8 24. Qxg7 Kd8 25. Rf8+ Kc7 26.
Rxa8 d4 27. Rh8 dxc3 28. Rh7 Nb8 29. bxc3 Qxc3 30. Rh5 Nbc6 31. Rxd7+ Kb6 32.
Rxb7+ Ka5 33. Rxe5+ Ka4 34. Re4+ Nd4 35. Rxd4+ Qc4 36. Rxc4+ Ka5 37. Qe5# 1-0